000 00645nam a2200181Ia 4500
008 090123s9999 xx 000 0 und d
082 _b21442
100 _aपचिंद्रे श्रीराम ग.
245 _aपत्रे सुरेश भटांची
250 _a1
260 _bगौरव कार्य.
_c1992
300 _a71
600 _aपचिंद्रे श्रीराम ग.
630 _aपत्रे सुरेश भटांची
700 _aपचिंद्रे श्रीराम ग.
730 _aपत्रे सुरेश भटांची
942 _cBOOK
999 _c59513
_d59513